NLSUI OPAC header image

United Nations Organization and International Peace and Security: (Record no. 114874)

MARC details
000 -LEADER
fixed length control field 01792nam a2200217Ia 4500
003 - CONTROL NUMBER IDENTIFIER
control field OSt
005 - DATE AND TIME OF LATEST TRANSACTION
control field 20251210115117.0
008 - FIXED-LENGTH DATA ELEMENTS--GENERAL INFORMATION
fixed length control field 201216b2017 ||||| |||| 00| 0 eng
040 ## - CATALOGING SOURCE
Transcribing agency NLS
100 ## - MAIN ENTRY--PERSONAL NAME
Personal name Anil Kumar M
245 #0 - TITLE STATEMENT
Title United Nations Organization and International Peace and Security:
Remainder of title An Institutional Conundrum
260 ## - PUBLICATION, DISTRIBUTION, ETC.
Place of publication, distribution, etc. Bangalore
Name of publisher, distributor, etc. NLSIU
Date of publication, distribution, etc. 2017
300 ## - PHYSICAL DESCRIPTION
Extent 61p
505 ## - FORMATTED CONTENTS NOTE
Formatted contents note CONTENTS<br/>Abbreviations;<br/>List of Figures;<br/>List of Tables;<br/>Preface;<br/>CHAPTER I: Introduction;<br/>1 Historical Overview;<br/>2 Literature Review;<br/>3 Problem Statement;<br/>4 Source of Research;<br/>5 Thesis structure and Findings;<br/>CHAPTER II: Sovereign States for Peace and Security;<br/>6 Concept of Sovereignty;<br/>6.1 State and Balance of Power (BOP);<br/>6.2.1 BOP and Shortcomings;<br/>CHAPTER III: International Institutions for Peace and Security;<br/>7 Role of International Institutions in Peace and Security;<br/>7.1 Analysis of the International Organization <br/>Critique of International Organization;<br/>CHAPTER IV: Critique of International Organization;<br/>8 Relevance of the International Organizations?;<br/>8.1 Analysis of the role of International Organization;<br/>CHAPTER V: United Nations Organization: A Case Study;<br/>9 UNO and States;<br/>9.1 The UN and Vertical Facilitation for Horizontal Integration;<br/>9.2 Global Counter Terrorism at UN and States;<br/>9.3 Content Analysis of UN Reforms;<br/>CHAPTER V: CONCLUSION;<br/>APPENDIX;<br/>A: Interview Consent Form;<br/>B: UNSC resolutions;<br/>C: GLOSSARY;<br/>References.<br/>
650 ## - SUBJECT ADDED ENTRY--TOPICAL TERM
Topical term or geographic name entry element International Institutions for Peace and Security
650 ## - SUBJECT ADDED ENTRY--TOPICAL TERM
Topical term or geographic name entry element International Organisations for Peace and Security
650 ## - SUBJECT ADDED ENTRY--TOPICAL TERM
Topical term or geographic name entry element Sovereign States for Peace and Security
700 ## - ADDED ENTRY--PERSONAL NAME
Personal name Dr. Chetan B Singai - Guide
856 ## - ELECTRONIC LOCATION AND ACCESS
Uniform Resource Identifier <a href="https://dans.nls.ac.in/handle/123456789/176">https://dans.nls.ac.in/handle/123456789/176</a>
942 ## - ADDED ENTRY ELEMENTS (KOHA)
Koha item type Dissertation
Source of classification or shelving scheme Dewey Decimal Classification
Holdings
Withdrawn status Lost status Damaged status Not for loan Home library Current library Shelving location Date acquired Total Checkouts Barcode Date last seen Price effective from Koha item type
        NLS NLS   09/08/2019   MPP045 09/08/2019 09/08/2019 Dissertation